Informe de ejecución presupuestaria año 1987 /. (Record no. 20874)
[ view plain ]
| 000 -CABECERA | |
|---|---|
| campo de control de longitud fija | 00999nam a2200217 a 4500 |
| 001 - NÚMERO DE CONTROL | |
| campo de control | 000021374 |
| 005 - FECHA Y HORA DE LA ÚLTIMA TRANSACCIÓN | |
| campo de control | 20200930011317.0 |
| 008 - DATOS DE LONGITUD FIJA--INFORMACIÓN GENERAL | |
| campo de control de longitud fija | 100907s1987 dr ad r 001 0 spa d |
| 040 ## - FUENTE DE LA CATALOGACIÓN | |
| Centro catalogador/agencia de origen | DO-SdBNP |
| Lengua de catalogación | spa |
| Centro/agencia transcriptor | BNPHU |
| 082 ## - NÚMERO DE LA CLASIFICACIÓN DECIMAL DEWEY | |
| Número de clasificación | 352.48 |
| Número de documento/Ítem | R426i, 1987 |
| 110 1# - ENTRADA PRINCIPAL--NOMBRE DE ENTIDAD CORPORATIVA | |
| Nombre de entidad corporativa o nombre de jurisdicción como elemento de entrada | República Dominicana |
| Unidad subordinada | Secretariado Técnico de la Presidencia. |
| -- | Oficina Nacional del Presupuesto |
| 9 (RLIN) | 36793 |
| 245 10 - MENCIÓN DE TÍTULO | |
| Título | Informe de ejecución presupuestaria año 1987 /. |
| 260 ## - PUBLICACIÓN, DISTRIBUCIÓN, ETC. | |
| Lugar de publicación, distribución, etc. | Santo Domingo : |
| Nombre del editor, distribuidor, etc. | Secretariado Técnico de la Presidencia, |
| Fecha de publicación, distribución, etc. | 1987. |
| 300 ## - DESCRIPCIÓN FÍSICA | |
| Extensión | v. : |
| Otras características físicas | il., gráf. ; |
| Dimensiones | 28 cm. |
| 505 2# - NOTA DE CONTENIDO CON FORMATO | |
| Nota de contenido con formato | Introducción -- Gastos -- Aportes -- Información -- Información sobre gastos-- Ejecución de cada institución descentralizada o autónoma |
| 590 ## - NOTA LOCAL (RLIN) | |
| Nota local | Inventariado, 2018/BT |
| 650 #4 - PUNTO DE ACCESO ADICIONAL DE MATERIA--TÉRMINO DE MATERIA | |
| Término de materia o nombre geográfico como elemento de entrada | Presupuesto |
| Subdivisión geográfica | República Dominicana |
| 9 (RLIN) | 7940 |
| 650 #4 - PUNTO DE ACCESO ADICIONAL DE MATERIA--TÉRMINO DE MATERIA | |
| Término de materia o nombre geográfico como elemento de entrada | Hacienda pública |
| Subdivisión geográfica | República Dominicana |
| 9 (RLIN) | 6562 |
| 651 #4 - PUNTO DE ACCESO ADICIONAL DE MATERIA--NOMBRE GEOGRÁFICO | |
| Nombre geográfico | República Dominicana |
| Subdivisión general | Gastos Presupuestarios Públicos |
| Subdivisión cronológica | 1987 |
| 9 (RLIN) | 44626 |
| 910 ## - DATOS DE OPCIÓN DEL USUARIO (OCLC) | |
| Datos de opción del usuario | Validado. Control de calidad. MMOLINA |
| Estado de retiro | Estado de pérdida | No para préstamo | Código de colección | Localización permanente | Ubicación/localización actual | Ubicación en estantería | Fecha de adquisición | Número de inventario | Total de préstamos | Signatura topográfica completa | Código de barras | Fecha visto por última vez | Precio válido a partir de | Tipo de ítem Koha |
|---|---|---|---|---|---|---|---|---|---|---|---|---|---|---|
| Excluido de préstamo | Patrimonio Dominicano | Patrimonio Dominicano | Patrimonio Dominicano | Depósito | 07.09.2010 | LF1 | 352.48 R426i, 1987 | 21374-10 | 25.06.2020 | 25.06.2020 | Libro y Folleto Colección Patrimonio Dominicano |
